000 01208namaa2200205 i 4500
001 133559
003 ES-MaACL
005 20260213163144.0
007 t|
008 070821s1957 sp f |001 0 spa d
245 0 0 _aSureste.
260 _aAlicante :
_b[Caja de Ahorros del Sureste de España],
_c1957 (
_fImp. Sucesor de Such, Serra y Cía.)
300 _a70 p., 1 h. de lám. ;
_c21 cm.
505 0 _aPalabras preliminares [a la constitución del "Aula Gabriel Miró", en la Caja de Ahorros del Sureste de España], por Vicente Ramos. La novela española de postguerra, por Miguel Signes Molines. Viaje por carretera (cuento), por Fernando Gallar. Poemas, por Carmen García Bellver. La realidad y el arte en el fenómeno literario, por Rafael Azuar. Arte y realidad, por Manuel Martínez-Mena. Antítesis (cuento), por Ernesto Contreras. Notas sobre la cultura y su difusión, por José M. Martínez Aguirre. Memoria del curso 1955-1956
594 _aPrecede al tít.: "Aula Gabriel Miró" de la Caja de Ahorros del Sureste de España.
650 0 4 _aNovela española-
_yS.XX-
_xHistoria y crítica
_915617
700 2 _a
_9242803
852 _aES-MaACL
_jE-4154
999 _c133559
_d133559